País por Artistas Musicales - Estadísticas

Estadísticas generales
  • Esta prueba ha sido intentada 613 veces
  • La puntuación promedio es 16 de 25
Estadísticas de respuestas
Artistas País % Correcto
Mecano, Rosalía, Rocío Dúrcal España
96%
Soda Stereo, Nicki Nicole, Mercedes Sosa Argentina
95%
Shakira, Juanes, Aterciopelados Colombia
91%
Bad Bunny, Elvis Presley, Taylor Swift Estados Unidos
89%
The Weeknd, Céline Dion, Justin Bieber Canadá
85%
Andrea Bocelli, Måneskin, Raffaella Carrà Italia
85%
Black Sabbath, Queen, Adele Reino Unido
84%
Sean Paul, Jimmy Cliff, Bob Marley Jamaica
79%
The Cardigans, Avicii, ABBA Suecia
77%
PSY, Stray Kids, Blackpink Corea del Sur
75%
Natalia Lafourcade, Luis Miguel, José José México
75%
Anitta, Roberto Carlos, Chico Buarque Brasil
71%
Silvio Rodríguez, Gente de Zona, Celia Cruz Cuba
67%
Violeta Parra, Mon Laferte, Cris MJ Chile
63%
Babymetal, Hatsune Miku, Miki Matsubara Japón
60%
U2, Sinéad O'Connor, Hozier Irlanda
58%
Édith Piaf, Manu Chao, Daft Punk Francia
57%
Aventura, Juan Luis Guerra, El Cata República Dominicana
53%
Rammstein, Modern Talking, Tokio Hotel Alemania
52%
Troye Sivan, Sia, Tones and I Australia
45%
El Cuarteto de Nos, Márama, Jorge Drexler Uruguay
44%
Ricardo Arjona, Gaby Moreno, Ale Mendoza Guatemala
32%
Los Kjarkas, Los Jairas, Luzmila Carpio Bolivia
29%
Mahotella Queens, Miriam Makeba, Tyla Sudáfrica
26%
Yma Sumac, Wendy Sulca, Milena Warthon Perú
20%
No se encontraron pruebas coincidentes
Distribución de puntuación
Porcentaje de gente con cada puntuación
Porcentaje por número respondido
Historial de tus puntuaciones
No has intentado esta prueba.